河川長が100km以上の河川サドンデス - Statistics

General Stats
  • This quiz has been taken 107 times
  • The average score is 5 of 17
Answers on the Grid
Answers color-coded by a green-red scale on the quiz's grid according to % correct below.
芦田川(福山)
天塩川(天塩)
釧路川(釧路)
茶路川(白糠)
後志利別川(瀬棚)
岩木川(十三湊)
米代川(能代)
馬淵川(八戸)
北上川(石巻)
名取川(名取)
荒川(坂町)
関川(直江津)
常願寺川(富山)
手取川(白山)
九頭竜川(三国)
安曇川(高島)
淀川(大阪)
大和川(堺)
富士川(富士)
相模川(平塚)
夷隅川(太東)
大井川(榛原)
雲出川(香良洲)
宮川(伊勢)
紀の川(和歌山)
加古川(加古川)
円山川(城崎)
千代川(鳥取)
旭川(岡山)
沼田川(三原)
高津川(益田)
阿武川(萩)
遠賀川(芦屋)
松浦川(唐津)
佐々川(佐々)
筑後川(大川)
菊池川(玉名)
球磨川(八代)
川内川(川内)
一ツ瀬川(佐土原)
五ヶ瀬川(延岡)
駅館川(柳ヶ浦)
四万十川(中村)
土器川(丸亀)
奈半利川(奈半利)
 
Answer Stats
Answer % Correct
北上川(石巻)
52%
天塩川(天塩)
51%
四万十川(中村)
50%
富士川(富士)
44%
紀の川(和歌山)
38%
釧路川(釧路)
35%
球磨川(八代)
35%
筑後川(大川)
34%
大井川(榛原)
24%
九頭竜川(三国)
19%
米代川(能代)
14%
相模川(平塚)
14%
旭川(岡山)
14%
馬淵川(八戸)
8%
川内川(川内)
8%
岩木川(十三湊)
7%
五ヶ瀬川(延岡)
6%
No matching quizzes found
Score Distribution
Percent of People with Each Score
Percentile by Number Answered
Your Score History
You have not taken this quiz